00665cpcaa22002297a 4500001001300000003000400013005001700017008004100034010001700075040002400092072001200116245003900128300001300167506002200180545004400202520004500246546003600291580005700327600001900384650001500403999001700418mm 79005266 DLC20260227111650.0790618|||||||||||| eng  amm 79005266  aDLCcDLCedacsdDLC 7aW2lcmd00aHamblin family papers,f1864-1884. a1fitem.0 aOpen to research.0 aMembers of the Hamblin (Hamlin) family.8 aList of family members with birth dates. aCollection material in English. aForms part of: Miscellaneous Manuscripts collection.30aHamlin family. 0aGenealogy. c41881d41881